| 000 | 01872nam a22002537a 4500 | ||
|---|---|---|---|
| 003 | Uzh_bibl | ||
| 008 | 260501b |||||||| |||| 00| 0 ukr d | ||
| 020 |
_a978-617-12-4709-3 _c120.00 |
||
| 040 | _bукр. | ||
| 041 |
_2ukr _aukr |
||
| 080 | _a821(477) | ||
| 090 |
_a821(477) _bД 26 |
||
| 100 | _aДегтяренко, Ярослава | ||
| 245 |
_aЯрино,вогнику мій _hТекст |
||
| 260 |
_aХарків _bКнижковий Клуб "Клуб Сімейного Дозвілля" _c2018 |
||
| 300 |
_a400 с. _fВ опр. |
||
| 520 | _aЯрина мріяла про весілля з молодим козаком Данилом Лозицьким. Та закоханих розділила доля: Ярина потрапила до татарського улусу, ставши невільницею. Її рятує мурза Аяз-бей, давній ворог Данила. Закоханий в цю горду русинку, він ладен на все заради неї. Ярина теж має почуття до Аяз-бея… На жаль, Ярину продають до Бахчисарайського гарему. Довкола дивовижної рабині, яку нарікають Вогником, плетуться інтриги, а в кожному закутку палацу чатує смертельна небезпека. Аяз-бей та Данило обидва прагнуть звільнити Ярину, але вогонь її кохання зігріє серце лише одного з них. | ||
| 521 | _aДля широкого кола читачів | ||
| 546 | _aукр. | ||
| 650 | _aЛітературно - художнє видання | ||
| 653 |
_aГарем _aКохання _aРабиня |
||
| 655 |
_aПроза _vРоман |
||
| 942 |
_2udc _cBK |
||
| 999 |
_c17603 _d17603 |
||